Quel détective de fiction ? - Clic Quiz - Statistiques

Statistiques générales
  • Ce quiz a été pris 103 fois
  • Le résultat moyen est 10 sur 20
Statistiques - réponses
Hint Explanation Réponse % Correct
Réside à Baker Street à Londres
87%
A un frère du nom de Mycroft
74%
A été créé le premier parmi les quatre
1887 : Sherlock Holmes
1920 : Hercule Poirot
1931 : Jules Maigret
2016 : Détective Pikachu
74%
Travaille principalement à Paris
71%
N'apparaît dans aucun jeu Nintendo Switch
64%
A enquêté sur un chien-démon légendaire Le Chien des Baskerville (1902)
60%
Résoud des affaires à l'aide de ses "petites cellules grises"
56%
Sa recette préférée est la blanquette de veau
52%
Travaille à Ryme City
51%
A enquêté sur un meurtre dans le "Train Bleu" reliant Calais et Nice Le Train Bleu (1928)
49%
A été blessé à une jambe lors de la Première Guerre mondiale
48%
Il "quitte la scène" dans le titre de la dernière œuvre où il apparaît Titre du dernier roman de la série : Hercule Poirot quitte la scène
47%
A été créé par un auteur belge Georges Simenon
47%
A interrogé un certain M. Mime lors d'une enquête
46%
A enquêté sur un fou détruisant des bustes de Napoléon Bonaparte Dans Les Six Napoléons (1904)
37%
Est assisté par Tim Goodman
32%
A été interprété par Rowan Atkinson
26%
Sa boisson préférée est le cassis
25%
Est le héros d'une série animée créée par Hayao Miyazaki
21%
Raffole du café
18%
Aucun quiz correspondant
Distribution des résultats
% des personnes avec chaque résultat
Percentile par nombre de réponses
Votre historique - résultats
Vous n’avez pas pris ce quiz